[Event "Split op 12th"]
[Site "Split"]
[Date "2023.08.07"]
[Round "4"]
[White "Rasic, Ivan"]
[Black "Kostov, Deyan Samuil"]
[Result "0-1"]
[WhiteElo "1963"]
[BlackElo "2198"]
[PlyCount "114"]
[EventDate "2023.08.05"]
[EventType "swiss"]
[EventRounds "9"]
[EventCountry "CRO"]
[SourceTitle "CBM 215 Extra"]
[Source "ChessBase"]
[SourceDate "2023.09.30"]
[SourceVersion "1"]
[SourceVersionDate "2023.09.30"]
[SourceQuality "1"]

1. e4 c5 2. a3 e6 3. b4 b6 4. Bb2 Bb7 5. Qe2 d6 6. f4 Nf6 7. d3 cxb4 8. axb4 d5 9. e5 Nfd7 10. b5 a6 11. bxa6 Rxa6 12. Rxa6 Nxa6 13. Nf3 Bb4+ 14. Bc3 Be7 15. g3 b5 16. Bg2 b4 17. Bd4 Nac5 18. Nbd2 0-0 19. 0-0 Qc7 20. Ra1 Ra8 21. Rxa8+ Bxa8 22. Ne1 Bc6 23. g4 Na4 24. Nb3 Nc3 25. Qd2 Ba4 26. Nf3 Bxb3 27. cxb3 Bc5 28. Bxc5 Nxc5 29. d4 Nxb3 30. Qb2 Nxd4 31. Qxb4 Nxf3+ 32. Bxf3 h6 33. Kg2 Qc6 34. Qb8+ Kh7 35. Qa7 Qe8 36. Qd4 Qc8 37. f5 Kg8 38. fxe6 fxe6 39. h4 Nb5 40. Qb6 Na3 41. g5 Nc4 42. Qd4 hxg5 43. hxg5 Qd8 44. Qf4 Qf8 45. Qd4 Qf5 46. Bxd5 Qxg5+ 47. Kf2 Qf5+ 48. Ke2 Nxe5 49. Be4 Qg4+ 50. Kf2 Qh4+ 51. Ke2 Ng4 52. Qa4 Qf2+ 53. Kd1 Ne3+ 54. Kc1 Qe1+ 55. Kb2 Qd2+ 56. Ka3 Qc3+ 57. Ka2 Qc4+ 0-1

[Event "Split op 12th"]
[Site "Split"]
[Date "2023.08.06"]
[Round "3"]
[White "Lohvinov, Petro"]
[Black "Rasic, Ivan"]
[Result "1/2-1/2"]
[WhiteElo "2237"]
[BlackElo "1963"]
[PlyCount "124"]
[EventDate "2023.08.05"]
[EventType "swiss"]
[EventRounds "9"]
[EventCountry "CRO"]
[SourceTitle "CBM 215 Extra"]
[Source "ChessBase"]
[SourceDate "2023.09.30"]
[SourceVersion "1"]
[SourceVersionDate "2023.09.30"]
[SourceQuality "1"]

1. Nf3 Nf6 2. g3 g6 3. Bg2 Bg7 4. 0-0 0-0 5. c4 c5 6. Nc3 Nc6 7. d4 cxd4 8. Nxd4 Qb6 9. Nc2 d6 10. Rb1 Be6 11. b3 a6 12. h3 Qa5 13. Bd2 Qh5 14. e4 Qxd1 15. Rbxd1 Rab8 16. f4 Nh5 17. Kh2 f5 18. Ne3 fxe4 19. Nxe4 Bh6 20. Ng4 Bg7 21. Ng5 Bf7 22. Nxf7 Kxf7 23. Rfe1 Nf6 24. Nxf6 Bxf6 25. Be3 Rfe8 26. c5 Bc3 27. Re2 Bb4 28. Bd5+ Kg7 29. Rc2 Bxc5 30. Bxc5 dxc5 31. Rxc5 Rbd8 32. Re1 Nb4 33. Be4 Rd2+ 34. Kg1 Rxa2 35. Rc7 b5 36. Bg2 Rb2 37. Rexe7+ Rxe7 38. Rxe7+ Kf6 39. Re3 a5 40. Bf1 a4 41. bxa4 bxa4 42. Bc4 Nc2 43. Re6+ Kg7 44. Re7+ Kf8 45. Rf7+ Ke8 46. Rxh7 a3 47. Ra7 Ne3 48. Bf7+ Kf8 49. g4 Rg2+ 50. Kh1 Rg3 51. Kh2 Nf1+ 52. Kh1 Ne3 53. Kh2 Nf1+ 54. Kh1 Ne3 55. Kh2 Nf1+ 56. Kh1 Ne3 57. Kh2 Nf1+ 58. Kh1 Ne3 59. Kh2 Nf1+ 60. Kh1 Ne3 61. Kh2 Nf1+ 62. Kh1 Ne3 1/2-1/2